| Tag |
First Indicator |
Second Indicator |
Subfields |
| LEADER |
00000cam a2200000 i 4500 |
| 001 |
in00005695813 |
| 005 |
20260324143006.5 |
| 008 |
240611t20252025flua b 001 0 eng |
| 010 |
|
|
|a 2024025334
|
| 040 |
|
|
|a DLC
|e rda
|c DLC
|d TXA
|
| 020 |
|
|
|a 9780813079264
|q (hardcover)
|
| 020 |
|
|
|a 0813079268
|q (hardcover)
|
| 020 |
|
|
|z 9780813070889
|q (pdf)
|
| 020 |
|
|
|z 0813070880
|q (pdf)
|
| 020 |
|
|
|z 9780813073538
|q (ebook)
|
| 020 |
|
|
|z 0813073537
|q (ebook)
|
| 035 |
|
|
|a (OCoLC)1435615784
|
| 050 |
0 |
0 |
|a GV1595
|b .D27 2025
|
| 082 |
0 |
0 |
|a 792.809
|2 23/eng/20240814
|1 https://id.oclc.org/worldcat/ddc/E4c9RjMBHgxx93xXpbDwr4C7Fb
|
| 245 |
0 |
0 |
|a Dance and science in the long nineteenth century :
|b the articulate body /
|c edited by Lynn Matluck Brooks, Sariel Golomb, and Garth Grimball.
|
| 264 |
|
1 |
|a Gainesville :
|b University Press of Florida,
|c [2025].
|
| 264 |
|
4 |
|c ©2025.
|
| 300 |
|
|
|a x, 321 pages :
|b illustrations ;
|c 24 cm.
|
| 336 |
|
|
|a text
|b txt
|2 rdacontent
|
| 337 |
|
|
|a unmediated
|b n
|2 rdamedia
|
| 338 |
|
|
|a volume
|b nc
|2 rdacarrier
|
| 504 |
|
|
|a Includes bibliographical references and index.
|
| 505 |
0 |
|
|t Introduction: Meeting points, overlaps, escapes /
|r Lynn Matluck Brooks, in conversation with Sariel Golomb and Garth Grimball --
|g Part I. Learning how to look: regimes of classification --
|t Venus in pieces: choreographing the anatomical body with Clemente Susini's Venus dé Medici /
|r Sariel Golomb --
|t Response essay: choreographies of knowledge: touch and vision in anatomical looking /
|r Jane Desmond --
|t Science under the surface: Victorian science in the Ballet Ondine /
|r Steven Ha --
|t Phytology and dance: the impact of plant biology on Nineteenth-Century Flower Ballets /
|r Alexander H. Schwan --
|t Response essay (for chapters 3 and 4): new sensations /
|r Whitney Laemmli --
|g Part II. Dancing Ideologies: nation, sexuality, sciencing --
|t Dr. Louis Véron, medical philosophy, and medical practice at the Paris Opera /
|r Elizabeth Claire --
|t Response essay: imagination, sensation, and habits: medical rhetoric and popular literature in perceptions of the Paris Opera /
|r Olivia Sabee --
|t The paradox of the subtle body: dance, tantra, and science /
|r Pallabi Chakravorty --
|t Response essay: viewing Indian dance across time and space /
|r Tiziana Leucci --
|t Exhibiting (Scientific) grace: American Delsartism and Black Citizenship in the New South /
|r Carrie Streeter --
|t Response essay: interrupting Jim Crow /
|r Susan C. Cook --
|g Part III. Physical cultures: disciplining and improving the self --
|t The muscular sense and therapeutic modernism in the eurythmics of ́Emile Jaques-Dalcroze /
|r Andrea Harris --
|t Response essay: dualism in Jaques-Dalcroze's Theory of Movement /
|r Dick McCaw --
|t From animal magnetism to materialist transcendentalism: Margaret Fuller on Fanny Elssler /
|r Johanna Pitetti-Heil --
|t Response essay: Labor and laboratory of Kinesic Interplay in Nineteenth-Century Dance Theory /
|r Claudia Jeschke --
|t Hypnotic dancing and the science of sleep and dreams: The controversial case of Madeleine G. /
|r Chantal Frankenbach --
|t Response essay: ecstatic Fervors: of trance, dance and self-possession /
|r Kélina Gotman --
|t The depths from the surface: interlaced histories of technologies and dance in the Nineteenth Century /
|r Janice Ross --
|t Response essay: movement-machines: reflecting new technologies in doing and scoring dancing /
|r Claudia Jeschke --
|g Part IV. "Outro". --
|t Observing the observers /
|r Emily Coates --
|t Response essay: querying the cosmos /
|r Christian DuComb
|
| 520 |
|
|
|a Bringing together dance and science, two paradigms that explore the nature and possibilities of the body, this volume illuminates the meanings and articulations of dance in nineteenth-century societies. This global collection of studies reveals how the two fields informed each other's development and engaged with dominant European worldviews in a time of unprecedented colonial expansion. The chapters in Dance and Science in the Long Nineteenth Century examine how trends and developments in the performing arts reflected scientific thinking of this era, including the categorization of "types" of bodies and the ranking of cultural and religious beliefs, as well as how dance served as an active site of inquiry where the workings and limits of the human body could be studied. Researchers discuss topics including the influence of plant biology on the aesthetics of ballet, technological advancements in the staging and recording of performances, arguments for the use of Eurhythmics in promoting a stronger "race" and European fascination with Indian dance and yoga. Featuring response essays that put leading scholars in conversation with one another and offer new perspectives, this volume is unique for its geographic scope and its discussion of diverse bodies, cultures, themes and scientific disciplines. It sheds light on a historical interplay that has shaped many of today's political and cultural realities.
|
| 650 |
|
0 |
|a Dance
|x History.
|
| 650 |
|
0 |
|a Human body.
|
| 650 |
|
7 |
|a PERFORMING ARTS / Dance / History & Criticism.
|2 bisacsh
|
| 650 |
|
7 |
|a HISTORY / Modern / 19th Century.
|2 bisacsh
|
| 700 |
1 |
|
|a Brooks, Lynn Matluck,
|e editor.
|
| 700 |
1 |
|
|a Golomb, Sariel,
|e editor,
|e contributor.
|
| 700 |
1 |
|
|a Grimball, Garth,
|e editor.
|
| 948 |
|
|
|h NO HOLDINGS IN TXA - 64 OTHER HOLDINGS
|
| 994 |
|
|
|a Z0
|b TXA
|
| 999 |
f |
f |
|i 24d47bad-2122-40f8-abb1-cd4172f0c2e6
|s feeb86e3-f0d0-4ebc-a592-56333b7e3cd0
|t 0
|
| 952 |
f |
f |
|p normal
|a Texas A&M University
|b College Station
|c Sterling C. Evans Library
|s Evans stk
|d Evans: Library Stacks
|t 0
|e GV1595 .D27 2025
|h Library of Congress classification
|i unmediated -- volume
|m A14852407445
|
| 998 |
f |
f |
|a GV1595 .D27 2025
|t 0
|l Evans: Library Stacks
|